Tvorba, použitie a účtovanie rezerv súvisiacich so mzdovými nákladmi

Rezerva je záväzok predstavujúci existujúcu povinnosť účtovnej jednotky, ktorá vznikla z minulých udalostí. Pri tomto záväzku je pravdepodobné, že v budúcnosti zníži ekonomické úžitky účtovnej jednotky, pričom, ak nie je známa presná výška tohto záväzku, ocení sa odhadom v sume dostatočnej na splnen...

Descripción completa

Guardado en:
Detalles Bibliográficos
Autor principal: Gášpárová, Eva
Formato: Capítulo de libro
Lenguaje:eslovaco
Materias:
Etiquetas: Agregar Etiqueta
Sin Etiquetas, Sea el primero en etiquetar este registro!

MARC

LEADER 00000naa a2200000 4500
001 0306665
005 20250204121916.8
041 0 |a slo 
044 |a SK 
245 1 0 |a Tvorba, použitie a účtovanie rezerv súvisiacich so mzdovými nákladmi  |c Eva Gášpárová 
520 |a Rezerva je záväzok predstavujúci existujúcu povinnosť účtovnej jednotky, ktorá vznikla z minulých udalostí. Pri tomto záväzku je pravdepodobné, že v budúcnosti zníži ekonomické úžitky účtovnej jednotky, pričom, ak nie je známa presná výška tohto záväzku, ocení sa odhadom v sume dostatočnej na splnenie existujúcej povinnosti ku dňu, ku ktorému sa zostavuje účtovná závierka, a to pri zohľadnení rizík a neistôt. Rezerva sa vždy tvorí na základe zásady opatrnosti. Záväzok s určitým časovým vymedzením a určitou výškou nie je rezerva. 
610 2 0 |a náklady 
610 2 0 |a mzdy 
610 2 0 |a jednotka účtovná 
610 2 0 |a rezervy 
610 2 0 |a záväzky 
100 1 |a Gášpárová, Eva